000
00274nam a22001217a 4500
008
180220b xxu||||| |||| 00| 0 eng d
041
_a
eng
080
_a
038
100
_a
23
101
_a
POL
245
_a
Dictionary of Military Abbrevations
_c
Polmar, N
942
_2
udc
_c
BK
999
_c
42913
_d
42913